00841cam a2200253 a 4500999001500000001000600015003000900021005001700030008004100047020001500088040003800103050002000141082001600161100001900177245005800196260005800254300004100312500002000353504003100373650003600404740002100440942001200461952011400473 c3266d326612351BD-DhUAP20200303120800.0860616t19981974enka b 001 0 eng  a0500201412 aBD-DhUAPcBD-DhUAPdBD-DhUAPbEng00aND195b.R4 198500a750 RED2231 aRead, Herbert.12aA concise history of modern painting /cHerbert Read. aLondon :bThames and Hudson :cc1959 [Reprinted1998]. a392 pages :billustrations ;c22 cm. aIncludes index. aBibliography : p. 369-376. 0aPainting, Moderny20th century.0 aModern painting. 2ddccBK 00102ddc4070aUAPCLbUAPCLcGeneral Stacksd2020-03-03o750 REDp3010012351r2020-03-03t1w2020-03-03yBK